| 000 | 01469nam a2200289Ia 4500 | ||
|---|---|---|---|
| 999 |
_c51126 _d51126 |
||
| 001 | 18083 | ||
| 003 | GE_BSU | ||
| 005 | 20200701114826.0 | ||
| 008 | 181216s2002||||ge |||||||||||||| ||geo|| | ||
| 020 | _a99928-953-1-4 | ||
| 040 | _cGE_BSU | ||
| 041 | _ageo | ||
| 080 | _a81'1 ს-70 | ||
| 100 |
_aსოსიური, ფერდინანდ დე _98927 |
||
| 245 |
_aზოგადი ენათმეცნიერების კურსი / _cფერდინანდ დე სოსიური ; მთარგმნ. ცისანა ბიბილეიშვილი ; რედ. ბაქარ გიგინეიშვილი. |
||
| 264 |
_aთბილისი : _bდიოგენე, _c2002. |
||
| 300 |
_a237გვ. ; _c20 სმ. |
||
| 541 | _h8ლ. | ||
| 653 | _aზოგადი ენათმეცნიერების კურსი | ||
| 653 | _aფონოლოგია | ||
| 653 | _a ლინგვისტიკა | ||
| 700 |
_a ბიბილეიშვილი, ცისანა _eმთარგმნელი _98928 |
||
| 700 |
_aგიგინეიშვილი, ბაქარ _eრედაქტორი _98929 |
||
| 710 |
_aსაქ. მეცნიერებათა აკადემია _98073 |
||
| 710 |
_aკ. კეკელიძის სახელობის ხელნაწერთა ინსტიტუტი _97947 |
||
| 942 |
_cBK _2udc |
||